00314nam a2200121 a 4500008004100000020001500041050001900056100001900075245002900094260004000123300002000163350000900183120416s1998 ||||||||||||||||| || u a0750639431 aQA 76.8.P8 Ste aStephen, Moira10aPublisher 97 made simple aOxfordbButterworth-Heinemannc1998 axi, 144p. : ill a0.00